Score 0/27 Timer 03:00
0 Plays Today
Hint 4-letter word % Correct
Truth or ___DARE
95.9%
Mother of JesusMARY
95.7%
A female horse in your partyMARE
94.5%
A set of twoPAIR
94.1%
Building's entrywayDOOR
93.7%
A small metal bucket for fillingPAIL
92.1%
• Lower health rating in Oregon Trail☹POOR☹
91.2%
An instrument for work (e.g., hammer or axle wrench)TOOL
91.2%
A meager college dwellingDORM
90.9%
A horse's back endTAIL
90.1%
A small body of water, usually shallow enough to fordPOOL
89.3%
A group of buffalo or deer, for instanceHERD
89.1%
• 2nd best health rating in Oregon Trail☺FAIR☺
88.7%
A sad or terrible fateDOOM
88.4%
Hint 4-letter word % Correct
Grueling or strenuous workTOIL
88%
To not winFAIL
86.9%
A horse's front endHEAD
85.3%
• Best party health rating in Oregon Trail☺GOOD☺
85.3%
A thin sheet of metal (e.g., aluminum, tin)FOIL
85.1%
Plant parts used for medicine or flavoringHERB
84%
French artist and engraver GustavDORÉ
83.9%
To trick or dupeFOOL
83.8%
'You can only carry 200 lbs of ____ back to your wagon'FOOD
83.6%
An action word (e.g., hunt, rest, talk)VERB
80.9%
Change or not remain steadyVARY
78.8%
• 2nd worst health rating: ____ [Rung 13]☹VERY☹
74.7%
• Adjective relating lowest Oregon Trail rating☠DEAD☠
71.2%

Today's Daily Dose

Remove Ads.
Support Sporcle.
Get the best of Sporcle when you Go Orange. This ad-free experience offers more features, more stats, and more fun while also helping to support Sporcle. Thank you for becoming a member.

You're not logged in!

Compare scores with friends on all Sporcle quizzes.
OR
Log In

Show Comments

Extras

Top Quizzes Today


Score Distribution

Your Account Isn't Verified!

In order to create a playlist on Sporcle, you need to verify the email address you used during registration. Go to your Sporcle Settings to finish the process.

Report this User

Report this user for behavior that violates our Community Guidelines.

Details: